CLINICAL ORTHOPTICS (Record no. 14557)

MARC details
000 -LEADER
fixed length control field 00306nam a22001457a 4500
003 - CONTROL NUMBER IDENTIFIER
control field SGT
082 ## - DEWEY DECIMAL CLASSIFICATION NUMBER
Classification number 617.762
Item number C12R
100 ## - MAIN ENTRY--PERSONAL NAME
Personal name ROWE, FIONA J.
245 ## - TITLE STATEMENT
Title CLINICAL ORTHOPTICS
250 ## - EDITION STATEMENT
Edition statement 3RD
260 ## - PUBLICATION, DISTRIBUTION, ETC. (IMPRINT)
Place of publication, distribution, etc BLACKWELL
Name of publisher, distributor, etc WELLY
Year of Publication 2012
300 ## - PAGE DESCRIPTION
No. of Pages 418
650 ## - SUBJECT ADDED ENTRY--TOPICAL TERM
Topical term or geographic name as entry element OPHTHALMOLOGY
942 ## - ADDED ENTRY ELEMENTS (KOHA)
Source of classification or shelving scheme Dewey Decimal Classification
Koha item type Books
Holdings
Withdrawn status Lost status Source of classification or shelving scheme Damaged status Not for loan Collection code Home library Current library Shelving location Date acquired Vendor Name SGTU Bill Number Total Checkouts Full call number Accession No. (Barcode) Date last seen Bill Date Koha item type
    Dewey Decimal Classification     MEDICAL SGT Medical Library SGT Medical Library Reference Book 17/01/2018 ABC SGTU 8707   617.762 C12R FM9364 17/01/2018 08/07/2017 Books